TV Shows by Three Episodes Quiz Stats

Quiz Updated Oct 17, 2012

Challenge
Share
Tweet
Embed
Score 0/22 Timer 05:00
0 Plays Today
% Correct
Friends
85.7%
The Simpsons
75.3%
The Big Bang Theory
72.5%
Seinfeld
71.9%
Glee
68.7%
How I Met Your Mother
64.3%
The Twilight Zone
48.7%
Arrested Development
48.5%
Buffy the Vampire Slayer
44.7%
Game of Thrones
42.7%
Parks and Recreation
42.5%
% Correct
30 Rock
33.8%
House
31%
Battlestar Galactica
30.6%
Community
25.4%
Firefly
25.2%
Mad Men
23.8%
Adventure Time
20.1%
Grey's Anatomy
18.9%
Dexter
15.2%
The Wire
13.7%
The Sopranos
13.1%

You're not logged in!

Compare scores with friends on all Sporcle quizzes.
Join for Free
OR
Log In

You Might Also Like...

Show Comments

Extras

Top Quizzes Today


Score Distribution

Your Account Isn't Verified!

In order to create a playlist on Sporcle, you need to verify the email address you used during registration. Go to your Sporcle Settings to finish the process.

Report this User

Report this user for behavior that violates our Community Guidelines.

Details: